Curso básico de impuesto a la renta.
Na minha lista:
| Autor principal: | |
|---|---|
| Formato: | Desconhecido |
| Publicado em: |
Santiago, Chile:
Libromar,
2023.
|
| Edição: | Primera edición. |
| Assuntos: | |
| Tags: |
Adicionar Tag
Sem tags, seja o primeiro a adicionar uma tag!
|
MARC
| LEADER | 00000 a2200000 4500 | ||
|---|---|---|---|
| 003 | CL-VaPUC | ||
| 005 | 20240415102928.0 | ||
| 008 | 240411t2023 ||||| |||| 00| 0 eng d | ||
| 999 | |c 443466 |d 443464 | ||
| 020 | |a 978-956-6170-28-0 | ||
| 040 | |c Pontificia Universidad Católica de Valparaíso | ||
| 082 | 7 | |2 22 |a 343.83052 FAL 2023 | |
| 100 | |a Falcón Romero, Gonzalo |9 888226 |e autor | ||
| 245 | |a Curso básico de impuesto a la renta. | ||
| 250 | |a Primera edición. | ||
| 260 | |a Santiago, Chile: |b Libromar, |c 2023. | ||
| 300 | |a 465 páginas. | ||
| 583 | |k GC |c 20240411 | ||
| 650 | 0 | |9 888238 |a Impuesto sobre la renta de las personas físicas |v Procedimiento tributario |v Contribuyentes |v Rol Único Tributario (RUT) |z Chile | |
| 650 | 0 | |9 888297 |a Impuesto industrial (Empresas) |v Procedimiento tributario |v Servicio de Impuestos Internos (SII) |v Propyme |z Chile | |
| 650 | 0 | |9 257617 |a Comercio exterior |v Procedimiento tributario |v Tributación de no residentes |v Doble Tributación | |
| 942 | |2 ddc |c BK | ||
| 952 | |0 0 |1 0 |2 ddc |4 0 |6 343_830520000000000_FAL_2023 |7 0 |8 A |9 593991 |a BIBGIM |b BIBGIM |d 2024-04-08 |e 22 |g 54592.92 |i 5660630 |l 2 |m 3 |o 343.83052 FAL 2023 |p 5660630 |r 2025-01-15 |s 2024-10-10 |t 1 |v 54592.92 |w 2024-04-08 |y BK |k COM | ||
| 952 | |0 0 |1 0 |2 ddc |4 0 |6 343_830520000000000_FAL_2023 |7 0 |8 A |9 593992 |a BIBGIM |b BIBGIM |d 2024-04-08 |e 22 |g 54592.92 |i 5660634 |l 9 |o 343.83052 FAL 2023 |p 5660634 |r 2025-04-23 |s 2025-04-16 |t 5 |v 54592.92 |w 2024-04-08 |y BK |k COM | ||
| 952 | |0 0 |1 0 |2 ddc |4 0 |6 343_830520000000000_FAL_2023 |7 0 |8 A |9 593993 |a BIBGIM |b BIBGIM |d 2024-04-08 |e 22 |g 54592.92 |i 5660633 |l 1 |o 343.83052 FAL 2023 |p 5660633 |r 2025-01-15 |s 2024-11-26 |t 4 |v 54592.92 |w 2024-04-08 |y BK |k COM | ||
| 952 | |0 0 |1 0 |2 ddc |4 0 |6 343_830520000000000_FAL_2023 |7 0 |8 A |9 593994 |a BIBGIM |b BIBGIM |d 2024-04-08 |e 22 |g 54592.92 |i 5660631 |l 1 |o 343.83052 FAL 2023 |p 5660631 |r 2025-01-15 |s 2024-04-22 |t 2 |v 54592.92 |w 2024-04-08 |y BK |k COM | ||
| 952 | |0 0 |1 0 |2 ddc |4 0 |6 343_830520000000000_FAL_2023 |7 0 |8 A |9 593995 |a BIBGIM |b BIBGIM |d 2024-04-08 |e 22 |g 54592.92 |i 5660632 |l 5 |m 4 |o 343.83052 FAL 2023 |p 5660632 |r 2025-01-15 |s 2024-11-06 |t 3 |v 54592.92 |w 2024-04-08 |y BK |k COM | ||